| 000 | 00542nam a2200181Ia 4500 | ||
|---|---|---|---|
| 005 | 20250508163130.0 | ||
| 008 | 008 250505s9999 xx 000 0 eng d | ||
| 037 | _aTextual | ||
| 040 |
_aFEDL _beng _cFEDL |
||
| 041 |
_aeng _2eng |
||
| 084 |
_a371.9, JAN _qFEDL |
||
| 100 |
_aJangira N K _9452373 |
||
| 245 | 0 | _aSpecial education scenario in Britain and India : Issues. Practice. Perspective | |
| 260 |
_aHaryana, India _bAcademic Press _c1986 |
||
| 300 | _a141p. | ||
| 942 |
_cTEXL _h371.9, JAN |
||
| 999 |
_c1381038 _d1381038 |
||